Statistics for MLB Predictions 2021

Click here to take the quiz!

General Stats

  • This quiz has been taken 62 times
    (59 since last reset)
  • The average score is 14 of 26

Answer Stats

HintAnswer% Correct
WS WINNERDodgers
100%
AL CHAMPSYankees
96%
NL CHAMPSDodgers
92%
NL SEED 1Dodgers
90%
NL SEED 2Braves
81%
NL SEED 4Padres
73%
AL SEED 3Astros
69%
NL SEED 3Brewers
69%
NL SEED 5Mets
69%
AL SEED 1White Sox
69%
AL SEED 5Yankees
69%
AL SEED 2Blue Jays
65%
AL SEED 4Twins
58%
AL MVPMike Trout
52%
2nd place NL MVPRonald Acuna
52%
NL CY YOUNGJacob Degrom
50%
NL MVPJuan Soto
48%
World Series MVPMookie Betts
44%
3rd place NL MVPMookie Betts
31%
Reliever of the yearJosh Hader
29%
Worst record in the leagueRangers
29%
2nd place AL MVPAaron Judge
27%
3rd place AL MVPJose Ramirez
6%
NL ROTYJazz Chisholm
4%
AL ROTYJarred Kelenic
2%
AL CY YOUNGLucas Giolito
2%

Score Distribution

Percentile by Number Answered

Percent of People with Each Score

Your Score History

You have not taken this quiz since the last reset